[Event "POLFINAL MISTRZOSTW POLSKI JUNIOROW 2019 - C13"]
[Site "Ustron"]
[Date "1899-12-30"]
[Round "1.1"]
[White "Wojdak, Jan"]
[Black "Klisowski, Bartosz"]
[Result "1-0"]
[WhiteTitle "I++"]
[BlackTitle "II"]
[WhiteElo "2062"]
[BlackElo "1434"]

1. e4 c5 2. Nc3 Nc6 3. Nf3 g6 4. d4 cxd4 5. Nxd4 Bg7 6. Be3 Nf6 7. Nxc6 bxc6 8.
e5 Nd5 9. Nxd5 cxd5 10. Qxd5 Rb8 11. Bd4 Qc7 12. Qc4 Qxc4 13. Bxc4 Rb4 14. b3
O-O 15. O-O-O Rb8 16. f4 Bb7 17. Rhg1 Rfc8 18. Bb2 Bc6 19. Bd5 Rb7 20. Bxc6 Rxc6
21. Rd3 Rbc7 22. c4 Bh6 23. g3 g5 24. Kb1 Kf8 25. f5 Bg7 26. Re1 f6 27. e6 d6
28. Bd4 a5 29. Red1 Bh6 30. Be3 a4 31. Rd5 axb3 32. axb3 Rb7 33. Kc2 Ra6 34. Rb5
Rc7 35. Kb2 Kg7 36. Ra1 Rxa1 37. Kxa1 g4 38. Bd4 Bd2 39. Kb2 h5 40. Kc2 Bg5 41.
Kd3 h4 42. Rb8 hxg3 43. hxg3 Bc1 44. b4 Ba3 45. Bb6 Rc6 46. b5 Rc5 47. Bxc5 Bxc5
48. b6 Bf2 49. b7 Bxg3 50. Re8 d5 51. cxd5 Bf4 52. b8=Q Bxb8 53. Rxb8 1-0

[Event "POLFINAL MISTRZOSTW POLSKI JUNIOROW 2019 - C13"]
[Site "Ustron"]
[Date "1899-12-30"]
[Round "1.2"]
[White "Tarawski, Adrian"]
[Black "Bogusz, Alan"]
[Result "1-0"]
[WhiteTitle "II+"]
[BlackTitle "I"]
[WhiteElo "1431"]
[BlackElo "1878"]

1. d4 Nf6 2. Bf4 g6 3. e3 Bg7 4. Be2 O-O 5. Nf3 d6 6. h3 Nfd7 7. Bh2 b6 8. c4 Nc6
9. Nc3 e5 10. d5 Ne7 11. O-O a5 12. Qc2 f5 13. a3 h6 14. Rfd1 g5 15. b4 Ng6 16.
Nb5 Ba6 17. Rac1 Rf7 18. Nd2 Kh7 19. g4 fxg4 20. Bxg4 Ndf8 21. Ne4 Bc8 22. Qe2
Bxg4 23. Qxg4 axb4 24. axb4 Nd7 25. c5 Nf6 26. Nxf6+ Qxf6 27. Bg3 bxc5 28. bxc5
Rb8 29. cxd6 cxd6 30. Nc3 Rb6 31. Ne4 Qe7 32. Rc6 Qb7 33. Nxd6 Qa7 34. Rxb6 1-0

[Event "POLFINAL MISTRZOSTW POLSKI JUNIOROW 2019 - C13"]
[Site "Ustron"]
[Date "1899-12-30"]
[Round "1.3"]
[White "Dziewonski, Dariusz"]
[Black "Kozera, Dawid"]
[Result "1-0"]
[WhiteTitle "I+"]
[BlackTitle "II"]
[WhiteElo "1868"]
[BlackElo "1423"]

1. e4 c5 2. c4 d6 3. Ne2 Nc6 4. d4 cxd4 5. Nxd4 Nf6 6. Nc3 e6 7. Be2 Be7 8. Be3
O-O 9. O-O a6 10. f3 Qc7 11. Qd2 Rd8 12. Rfc1 Bd7 13. Bf1 Nxd4 14. Bxd4 Bc6 15.
Qf2 Nd7 16. b4 b6 17. Rab1 Bf6 18. Bxf6 Nxf6 19. b5 Bb7 20. bxa6 Rxa6 21. c5 bxc5
22. Bxa6 Bxa6 23. Rb2 Nd7 24. Rcb1 h6 25. Qg3 Ne5 26. Nb5 Bxb5 27. Rxb5 Qa7 28.
Qf2 Qa3 29. R5b3 Qa4 30. Kh1 Kh7 31. Qd2 Nc4 32. Qc3 Ra8 33. a3 Na5 34. R3b2 Nc6
35. h3 Nd4 36. Ra1 e5 37. Rb6 c4 38. Rb4 Qa6 39. Qxc4 Qxc4 40. Rxc4 Nb5 41. a4
Ra6 42. a5 Kg6 43. Rb4 Nc7 44. Rb6 Kf6 45. Rxa6 Nxa6 46. Rb1 Ke6 47. Rb6 Kd5 1-0

[Event "POLFINAL MISTRZOSTW POLSKI JUNIOROW 2019 - C13"]
[Site "Ustron"]
[Date "1899-12-30"]
[Round "1.4"]
[White "Dembicki, Karol"]
[Black "Wieczorek, Mikolaj"]
[Result "0-1"]
[WhiteTitle "II"]
[BlackTitle "I"]
[WhiteElo "1388"]
[BlackElo "1792"]

1. e4 c5 2. Nf3 Nc6 3. d4 cxd4 4. Nxd4 e5 5. Nb5 d6 6. N1c3 a6 7. Na3 Be6 8. Be2
Nf6 9. Bg5 Be7 10. Qd3 b5 11. Bxf6 Bxf6 12. Nd5 Bg5 13. Rd1 O-O 14. c3 Rc8 15.
Nc2 f5 16. Bf3 f4 17. Ncb4 Nb8 18. O-O Rf7 19. a4 a5 20. Nc2 bxa4 21. Na3 Nd7
22. Qb5 Nc5 23. Nc4 Rb7 24. Ndb6 Rxb6 25. Nxb6 Rb8 26. Qxa5 Qxb6 27. Qxb6 Rxb6
28. Rd2 Be7 29. Ra1 Nb3 30. Rad1 Nxd2 31. Rxd2 Ra6 32. Be2 Ra7 0-1

[Event "POLFINAL MISTRZOSTW POLSKI JUNIOROW 2019 - C13"]
[Site "Ustron"]
[Date "1899-12-30"]
[Round "1.5"]
[White "Pancewicz, Szymon"]
[Black "Grzybek, Mikolaj"]
[Result "1/2-1/2"]
[WhiteTitle "I+"]
[BlackTitle "II"]
[WhiteElo "1764"]
[BlackElo "1382"]

1. e4 c6 2. d4 d5 3. exd5 cxd5 4. Bd3 g6 5. Bf4 Nc6 6. c3 Bg7 7. h3 Qb6 8. Qb3
Qxb3 9. axb3 e5 10. dxe5 Bxe5 11. Ne2 Nge7 12. O-O O-O 13. Re1 Re8 14. g4 f5 15.
g5 Bd7 16. Nd2 a6 17. Nf3 Nc8 18. Bxe5 Nxe5 19. Nxe5 Rxe5 20. Nf4 Rxe1+ 21. Rxe1
Bc6 22. c4 dxc4 23. Bxc4+ Kh8 24. Bd5 Bxd5 25. Nxd5 Nd6 26. Re7 Ne4 27. h4 Rd8
28. Nf6 Nxf6 29. gxf6 Rf8 30. f7 Kg7 31. Rxb7 Rxf7 32. Rb6 a5 33. Rb5 Ra7 34.
b4 axb4 35. Rxb4 h6 36. Kg2 Ra6 37. Rb5 Kf6 38. b4 g5 39. hxg5+ hxg5 40. Rb8 Kg7
41. b5 Ra1 42. b6 Rb1 43. Kf3 1/2-1/2

[Event "POLFINAL MISTRZOSTW POLSKI JUNIOROW 2019 - C13"]
[Site "Ustron"]
[Date "1899-12-30"]
[Round "1.6"]
[White "Latacz, Grzegorz"]
[Black "Rylski, Tadeusz"]
[Result "1/2-1/2"]
[WhiteTitle "II"]
[BlackTitle "II+"]
[WhiteElo "1367"]
[BlackElo "1680"]

1. d4 Nf6 2. c4 e6 3. Nc3 Bb4 4. e3 O-O 5. a3 Bxc3+ 6. bxc3 b6 7. Bd3 Bb7 8. f3
d5 9. Ne2 Nbd7 10. cxd5 exd5 11. O-O Re8 12. Ng3 c5 13. Ra2 Qc7 14. Raf2 Rac8
15. e4 cxd4 16. cxd4 dxe4 17. fxe4 Bxe4 18. Nxe4 Nxe4 19. Bxe4 Rxe4 20. Rxf7 Qxc1
21. Qxc1 Rxc1 22. Rxd7 Rxf1+ 23. Kxf1 Kf8 24. Kf2 Re7 25. Rd8+ Kf7 26. d5 Kf6
27. Kf3 Ke5 28. Ke3 Rc7 29. d6 Rc3+ 30. Kf2 Rxa3 31. d7 Kd6 32. Rg8 Kxd7 33. Rxg7+
Ke6 34. Rxh7 b5 35. Rb7 a6 36. h4 Kf5 37. g3 Kg4 38. Rg7+ Kh5 39. Rh7+ Kg6 40.
Rb7 Kf5 41. Rf7+ Ke5 1/2-1/2

[Event "POLFINAL MISTRZOSTW POLSKI JUNIOROW 2019 - C13"]
[Site "Ustron"]
[Date "1899-12-30"]
[Round "1.7"]
[White "Madajczak, Piotr"]
[Black "Miler, Franciszek"]
[Result "0-1"]
[WhiteTitle "I"]
[BlackTitle "II"]
[WhiteElo "1676"]
[BlackElo "1355"]

1. f4 d5 2. Nf3 g6 3. g3 Bg7 4. Bg2 Nf6 5. O-O O-O 6. d3 c5 7. Qe1 Qb6 8. c3 Nc6
9. Kh1 d4 10. Na3 Be6 11. c4 Ng4 12. Rb1 Nb4 13. h3 Nh6 14. Ra1 Qc7 15. Bd2 a5
16. Bxb4 axb4 17. Nb5 Qb6 18. a4 bxa3 19. bxa3 Nf5 20. Rg1 Qa5 21. Qxa5 Rxa5 22.
Kh2 Bd7 23. Rgb1 Ne3 24. Nd2 Bc6 25. Bf3 Bxf3 26. exf3 Nc2 27. Ra2 Nb4 28. Nb3
Rxb5 29. axb4 Rxb4 30. Rab2 b6 31. Nd2 Rxb2 32. Rxb2 Ra8 33. Ne4 Ra6 34. Kg2 f5
35. Ng5 e5 36. Ne6 exf4 37. Nxf4 Bf6 38. g4 Be5 39. Nd5 fxg4 40. fxg4 Ra3 41.
Rd2 Rb3 42. Kf3 Kf7 43. Ke4 Ke6 44. Ra2 Rb1 45. Ra6 Rh1 46. Rxb6+ Bd6 47. Nf4+
Kd7 48. Nd5 Rxh3 49. Rb7+ Ke6 50. Rb6 Rg3 51. Nf4+ Kd7 52. Nd5 Rxg4+ 53. Kf3 Rh4
54. Nf6+ Ke6 55. Ne4 Rf4+ 56. Ke2 Rxe4+ 57. dxe4 Ke5 58. Kf3 h5 59. Rb7 g5 60.
Rh7 g4+ 61. Ke2 Kxe4 62. Rxh5 d3+ 63. Kd2 Bf4+ 64. Kd1 Be3 65. Rh4 Kf3 66. Rh1
g3 67. Rh3 Kf2 68. Rh7 g2 69. Rf7+ Kg3 70. Rg7+ Kf3 71. Rf7+ Kg4 72. Rg7+ Bg5
73. Re7 g1=Q+ 74. Re1 Qxe1+ 75. Kxe1 d2+ 76. Ke2 Kg3 77. Kd1 Kf2 78. Kc2 Ke2 79.
Kc3 d1=Q 80. Kb2 Qc1+ 81. Kb3 Kd3 82. Ka2 Qc2+ 83. Ka1 Bf6# 0-1

[Event "POLFINAL MISTRZOSTW POLSKI JUNIOROW 2019 - C13"]
[Site "Ustron"]
[Date "1899-12-30"]
[Round "1.8"]
[White "Pieczulis, Hubert"]
[Black "Sputowski, Jakub"]
[Result "1-0"]
[WhiteTitle "II"]
[BlackTitle "I"]
[WhiteElo "1346"]
[BlackElo "1655"]

1. Nf3 d5 2. d4 e6 3. Bf4 Bd6 4. Bxd6 cxd6 5. e3 Nc6 6. c4 Nf6 7. Nc3 dxc4 8. Bxc4
d5 9. Bd3 O-O 10. O-O a6 11. Rc1 Re8 12. Ne5 Nxe5 13. dxe5 Nd7 14. f4 Qb6 15.
Qe2 Nc5 16. Bb1 Bd7 17. Rf3 h6 18. Qc2 Ne4 19. Nxe4 dxe4 20. Qxe4 Bc6 21. Qh7+
Kf8 22. Rg3 Ke7 23. Qxg7 Rf8 24. b3 Rad8 25. Qf6+ Kd7 26. Rd1+ Kc8 27. Rc1 Rd2
28. Be4 Re2 29. Bxc6 bxc6 30. Qxh6 Rd8 31. f5 exf5 32. Rxc6+ Qxc6 33. Qxc6+ Kb8
34. Qb6+ Kc8 35. Qxa6+ Kc7 36. Qxe2 f4 37. exf4 f5 38. Rc3+ Kb8 39. Qb5+ Ka8 40.
Rc6 Rd7 41. Rc8+ Ka7 42. Qxd7+ Kb6 43. Qc6+ Ka5 44. Qc4 Kb6 45. Rc6+ Ka7 46. Qa6+
Kb8 47. Rc8# 1-0

[Event "POLFINAL MISTRZOSTW POLSKI JUNIOROW 2019 - C13"]
[Site "Ustron"]
[Date "1899-12-30"]
[Round "1.9"]
[White "Nowak, Filip"]
[Black "Kultucki, Kamil"]
[Result "1/2-1/2"]
[WhiteTitle "I"]
[BlackTitle "II"]
[WhiteElo "1629"]
[BlackElo "1345"]

1. e4 c5 2. Nf3 Nc6 3. d4 cxd4 4. Nxd4 e5 5. Nb5 d6 6. N1c3 a6 7. Na3 Be7 8. Nc4
b5 9. Ne3 Nf6 10. g3 O-O 11. Bg2 Be6 12. Ncd5 Bxd5 13. Nxd5 Nxd5 14. exd5 Nb8
15. O-O f5 16. Be3 Nd7 17. Qd2 Nf6 18. h3 Rc8 19. c3 Qc7 20. a4 Qc4 21. Rfd1 b4
22. cxb4 Rb8 23. b5 axb5 24. Bf1 Qc8 25. Rac1 Qb7 26. Bxb5 Ne4 27. Qd3 Bg5 28.
Bxg5 Nxg5 29. Kg2 f4 30. f3 fxg3 31. Rf1 Qf7 32. h4 Qh5 33. Kxg3 Rxf3+ 34. Rxf3
e4 35. Qe3 Qxf3+ 36. Qxf3 Nxf3 37. Kf4 Nd4 38. Kxe4 Nxb5 39. axb5 Rxb5 40. Rc8+
Kf7 41. Rc7+ Kf6 42. Rd7 Rb4+ 43. Kf3 Rxb2 44. Rxd6+ 1/2-1/2

[Event "POLFINAL MISTRZOSTW POLSKI JUNIOROW 2019 - C13"]
[Site "Ustron"]
[Date "1899-12-30"]
[Round "1.10"]
[White "Katny, Samuel"]
[Black "Maslanka, Wojciech"]
[Result "0-1"]
[WhiteTitle "II"]
[BlackTitle "I"]
[WhiteElo "1335"]
[BlackElo "1614"]

1. e4 c6 2. Nc3 d5 3. exd5 cxd5 4. d4 e6 5. Nf3 Bd6 6. Bd3 Nc6 7. O-O Nge7 8. Re1
a6 9. a3 Bb8 10. Be3 Ng6 11. Ne2 O-O 12. c3 b5 13. Ng3 Bxg3 14. fxg3 Re8 15. Rf1
Ra7 16. a4 b4 17. Bxg6 hxg6 18. cxb4 Rb7 19. Bd2 Qb6 20. a5 Qa7 21. Bc3 f6 22.
Qd2 g5 23. h3 Qb8 24. Kh2 Nxb4 25. Rfc1 Nc6 26. Rab1 Rb3 27. Qc2 Bd7 28. Rf1 Rc8
29. Ra1 Rb5 30. Qg6 Ne7 31. Qd3 Nf5 32. Nd2 Kf7 33. Rf3 Rh8 34. Kg1 Qa7 35. Rf2
Qc7 36. g4 Nh4 37. Nf3 Nxf3+ 38. Qxf3 Rhb8 39. Qe3 Kg8 40. Raf1 Qd8 41. Kh1 Rb3
42. Qd2 Rc8 43. Qc2 Rb7 44. Qg6 Be8 45. Qd3 Bb5 46. Qe3 Bxf1 47. Qxe6+ Kh8 48.
Rxf1 Ra8 49. Qc6 Qd7 50. Qc5 Re8 51. Qa3 Kg8 52. Qa1 Re2 53. Qd1 Qe6 54. Kg1 Qe3+
55. Kh2 Qe4 56. Rg1 g6 57. Qf1 Kg7 58. Kh1 Re3 59. Kh2 Re2 60. Kh1 Rb8 61. Qf3
Qxf3 62. gxf3 Rh8 63. Rg3 Kf7 64. Kg1 Ke6 65. Rg2 Rxg2+ 66. Kxg2 Kd7 67. Kg3 Kc6
68. Bb4 Rh7 69. Bd2 Kb5 70. Bc3 Kc4 71. Kg2 Kd3 72. Kg3 Ke2 73. Bb4 Rb7 74. Bc3
Re7 75. h4 gxh4+ 76. Kxh4 Kxf3 77. g5 Rh7# 0-1

[Event "POLFINAL MISTRZOSTW POLSKI JUNIOROW 2019 - C13"]
[Site "Ustron"]
[Date "1899-12-30"]
[Round "1.11"]
[White "Trzebinski, Patryk"]
[Black "Bochenek, Ryszard"]
[Result "0-1"]
[WhiteTitle "I"]
[BlackTitle "II"]
[WhiteElo "1607"]
[BlackElo "1324"]

1. e4 c5 2. Nf3 Nc6 3. d4 cxd4 4. Nxd4 e5 5. Nb5 d6 6. N1c3 a6 7. Na3 Be7 8. Nd5
Nf6 9. Nxf6+ Bxf6 10. Nc4 O-O 11. Be3 Be7 12. Bb6 Qd7 13. Qd2 f5 14. O-O-O fxe4
15. Nxd6 Qg4 16. Qd5+ Be6 17. Qxe4 Bg5+ 18. Be3 Rxf2 19. Bc4 Kh8 20. Bxg5 Qxg5+
21. Kb1 Bxc4 22. Qxc4 Raf8 23. g3 Qg6 24. Ne4 R2f3 25. h4 Nd4 26. Rde1 Qf5 27.
c3 Nc6 28. Ka1 Qg4 29. h5 h6 30. Rh4 Qf5 31. Rhh1 Qg4 32. Qe2 Qf5 33. Reg1 Ne7
34. g4 Qf4 35. Nc5 Rf2 36. Qd1 Qc4 37. Nb3 Nd5 38. g5 Ne3 39. Qc1 Nc2+ 40. Kb1
Qd3 41. a4 hxg5 42. Qxg5 Ne3+ 43. Ka1 Nc2+ 44. Ka2 Qd7 45. Nc5 Qd5+ 46. Nb3 Qd7
47. Kb1 Na3+ 48. Ka2 Nc4 49. Nc5 Rxb2+ 50. Ka1 Qf7 51. h6 Ra2+ 52. Kxa2 Qf2+ 53.
Kb3 Na5+ 54. Ka3 Qxc5+ 55. Kb2 Rf2+ 56. Kb1 Qb6+ 57. Kc1 Qb2+ 58. Kd1 Qe2+ 59.
Kc1 Nb3+ 60. Kb1 Qb2# 0-1

[Event "POLFINAL MISTRZOSTW POLSKI JUNIOROW 2019 - C13"]
[Site "Ustron"]
[Date "1899-12-30"]
[Round "1.12"]
[White "Rzepka, Marcin"]
[Black "Goszyk, Bartosz"]
[Result "1/2-1/2"]
[WhiteTitle "II"]
[BlackTitle "II+"]
[WhiteElo "1323"]
[BlackElo "1605"]

1. e4 c5 2. Ne2 Nc6 3. Nbc3 g6 4. g3 Bg7 5. Bg2 e6 6. O-O Nge7 7. d3 O-O 8. Kh1
d5 9. exd5 Nxd5 10. Nxd5 exd5 11. Nc3 Be6 12. f4 f5 13. Re1 Bf7 14. Qf3 Nd4 15.
Qf2 b5 16. a4 b4 17. Nb5 b3 18. Nxd4 Bxd4 19. Qd2 bxc2 20. Qxc2 Rb8 21. Rb1 Re8
22. Bd2 Rxe1+ 23. Bxe1 Qe7 24. Bc3 Qf6 25. Bd2 Qb6 26. b3 Re8 27. Be1 Qe6 28.
Bf2 Bxf2 29. Qxf2 Qe3 30. Qxe3 Rxe3 31. Bf1 d4 32. b4 Ba2 33. Rb2 Bd5+ 34. Kg1
c4 35. dxc4 Be4 36. b5 Ra3 37. c5 Rxa4 38. c6 Ra1 39. Kf2 Rc1 40. Ra2 d3 41. Rd2
a6 1/2-1/2

[Event "POLFINAL MISTRZOSTW POLSKI JUNIOROW 2019 - C13"]
[Site "Ustron"]
[Date "1899-12-30"]
[Round "1.13"]
[White "Kusiak, Mateusz"]
[Black "Lakowski, Filip"]
[Result "1-0"]
[WhiteTitle "I"]
[BlackTitle "II"]
[WhiteElo "1597"]
[BlackElo "1310"]

1. e4 g6 2. d4 Bg7 3. Nf3 d6 4. Bf4 a6 5. Nbd2 Nd7 6. Bc4 e5 7. Bg5 Ngf6 8. dxe5
Nxe5 9. Nxe5 dxe5 10. Nf3 Qxd1+ 11. Rxd1 Bg4 12. Bxf6 Bxf6 13. Rd3 O-O 14. h3
Bxf3 15. Rxf3 Bg7 16. Rb3 Rab8 17. Ke2 Rfc8 18. Rf3 Rf8 19. Rd1 b5 20. Bd5 Rb6
21. Rc3 Rc8 22. Rc6 Kf8 23. Rd3 Rxc6 24. Bxc6 f5 25. Rd7 fxe4 26. Bd5 Bh6 27.
Rf7+ Ke8 28. Rxh7 Rd8 29. Bc6+ Kf8 30. Rxh6 Kg7 1-0

[Event "POLFINAL MISTRZOSTW POLSKI JUNIOROW 2019 - C13"]
[Site "Ustron"]
[Date "1899-12-30"]
[Round "1.14"]
[White "Szymczyk, Antoni"]
[Black "Wolski, Michal"]
[Result "1-0"]
[WhiteTitle "II"]
[BlackTitle "II"]
[WhiteElo "1305"]
[BlackElo "1584"]

1. e4 c5 2. Nf3 Nc6 3. d4 cxd4 4. Nxd4 Nf6 5. Nc3 e5 6. Nb3 Bb4 7. f3 d6 8. Be2
Be6 9. O-O Bxc3 10. bxc3 Qc7 11. c4 O-O 12. Be3 Rac8 13. c5 d5 14. exd5 Nxd5 15.
Bf2 Nc3 16. Qd3 Nxe2+ 17. Qxe2 Rcd8 18. c3 f6 19. Rfd1 Qf7 20. Qc2 f5 21. Bh4
Rxd1+ 22. Rxd1 h6 23. Rd6 g5 24. Bf2 e4 25. Bd4 exf3 26. gxf3 Re8 27. Kf2 Bc4
28. Rxh6 Nxd4 29. Nxd4 Re5 30. c6 bxc6 31. Rxc6 Bd5 32. Rc8+ Kg7 33. c4 Bb7 34.
Rb8 Qc7 35. Nxf5+ Rxf5 36. Rxb7 Rxf3+ 37. Kxf3 Qxb7+ 38. Kg4 Kh6 39. c5 Qb4+ 40.
Kf5 Qf4+ 41. Ke6 Qe3+ 42. Kf6 Qd4+ 43. Ke7 Qe5+ 44. Kd7 Qd5+ 45. Kc7 Qe5+ 46.
Kb7 Qe7+ 47. Ka6 Qc7 48. Qc3 Qc6+ 49. Ka5 a6 50. Qb4 Kh5 51. a4 Qc7+ 52. Qb6 Qxh2
53. c6 Qe5+ 54. Kxa6 Qe2+ 55. Ka7 Qc4 56. a5 Qf7+ 57. c7 Qe7 58. Qb7 Qc5+ 59.
Qb6 Qe7 60. a6 Qf7 61. Qb7 Qf2+ 62. Ka8 1-0

[Event "POLFINAL MISTRZOSTW POLSKI JUNIOROW 2019 - C13"]
[Site "Ustron"]
[Date "1899-12-30"]
[Round "1.15"]
[White "Czernecki, Andrzej"]
[Black "Marek, Grzegorz"]
[Result "1-0"]
[WhiteTitle "II+"]
[BlackTitle "II"]
[WhiteElo "1569"]
[BlackElo "1302"]

1. e4 e5 2. Nf3 Nc6 3. Bc4 Nf6 4. d3 Bc5 5. Bg5 d6 6. h3 Be6 7. Bb5 a6 8. Ba4 b5
9. Bb3 Bxb3 10. axb3 h6 11. Bxf6 Qxf6 12. Nc3 Ne7 13. Nxb5 Bb6 14. Nc3 O-O 15.
O-O c6 16. Ra4 a5 17. d4 Rac8 18. dxe5 dxe5 19. Qe2 Ng6 20. Nd2 Qg5 21. Nc4 Bd4
22. Qg4 Qxg4 23. hxg4 Nf4 24. Re1 Rfd8 25. Rxa5 f6 26. g3 Nh3+ 27. Kg2 Nxf2 28.
Ne2 Nxg4 29. c3 Ne3+ 30. Kh3 Nxc4 31. bxc4 Bb6 32. Ra6 Bc5 33. Kg2 Rd2 34. b4
Be7 35. Ra7 Kf8 36. Kf1 h5 37. Rea1 g5 38. Rb7 h4 39. gxh4 gxh4 40. Raa7 Re8 41.
Ng1 Kf7 42. Nf3 Rd1+ 43. Kg2 Rd3 44. Nxh4 Rxc3 45. Nf5 Rg8+ 46. Kf2 Rc2+ 47. Ke3
Rd8 1-0

[Event "POLFINAL MISTRZOSTW POLSKI JUNIOROW 2019 - C13"]
[Site "Ustron"]
[Date "1899-12-30"]
[Round "1.16"]
[White "Fojcik, Kacper"]
[Black "Goral, Jan"]
[Result "0-1"]
[WhiteTitle "II"]
[BlackTitle "I"]
[WhiteElo "1286"]
[BlackElo "1564"]

1. d4 Nf6 2. Nf3 e6 3. Bg5 d5 4. e3 b6 5. Bd3 Bb7 6. O-O Be7 7. c3 Nbd7 8. Nbd2
h6 9. Bh4 Ne4 10. Bxe7 Qxe7 11. Qc2 Nxd2 12. Nxd2 O-O 13. e4 c5 14. e5 Rac8 15.
Qa4 a6 16. f4 b5 17. Qd1 f5 18. Qh5 cxd4 19. cxd4 Qb4 20. Nb3 a5 21. Rf3 a4 22.
Qg6 axb3 23. Qxe6+ Rf7 24. axb3 Qxd4+ 25. Kf1 Qxb2 26. Re1 Nc5 27. Qg6 Nxd3 28.
Rxd3 Qc2 29. Rg3 Rc3 30. e6 Re7 31. Rxc3 Qxc3 32. Qxf5 Qxb3 33. Qg6 Qc4+ 34. Kg1
Qd4+ 35. Kh1 Qxf4 36. Qb1 b4 37. Rf1 Qd6 0-1

[Event "POLFINAL MISTRZOSTW POLSKI JUNIOROW 2019 - C13"]
[Site "Ustron"]
[Date "1899-12-30"]
[Round "1.17"]
[White "Taranowicz, Michal"]
[Black "Sidlo, Szymon"]
[Result "1/2-1/2"]
[WhiteTitle "I"]
[BlackTitle "II"]
[WhiteElo "1560"]
[BlackElo "1244"]

1. e4 e6 2. Nf3 d5 3. Nc3 dxe4 4. Nxe4 Nd7 5. d4 Ngf6 6. Bg5 Be7 7. Bd3 Nxe4 8.
Bxe7 Qxe7 9. Bxe4 Nf6 10. Bd3 Qb4+ 11. Qd2 Qxb2 12. O-O O-O 13. Rfe1 b6 14. a4
Nd5 15. Qg5 h6 16. Qh4 Nf6 17. Ne5 Qb4 18. Re3 c5 19. c3 Qb2 20. Rb1 Qd2 21. Rg3
Kh8 22. f4 cxd4 23. cxd4 Bb7 24. Rf1 Be4 25. h3 Rac8 26. Bxe4 Qxd4+ 27. Kh2 Qxe4
28. Rd3 Rc5 29. Qg3 Nh5 30. Qe1 Qxe1 31. Rxe1 Rc7 32. Re4 Nf6 33. Red4 Nd5 34.
f5 Rfc8 35. fxe6 fxe6 36. Re4 Kg8 37. Rdd4 Nf6 38. Re1 Rc5 39. Rd6 Re8 40. Nc6
a5 41. Rexe6 Rxe6 42. Rxe6 Rc4 43. Na7 Rb4 44. Nc8 Nd7 45. Rd6 Nc5 46. Nxb6 Nxa4
47. Nd5 Rb5 48. Nc7 Rb6 49. Rd5 Rc6 50. Rxa5 Kf8 1/2-1/2

[Event "POLFINAL MISTRZOSTW POLSKI JUNIOROW 2019 - C13"]
[Site "Ustron"]
[Date "1899-12-30"]
[Round "1.18"]
[White "Turowski, Maciej"]
[Black "Kubik, Rafal"]
[Result "1/2-1/2"]
[WhiteTitle "II"]
[BlackTitle "II+"]
[WhiteElo "1244"]
[BlackElo "1552"]

1. d4 Nf6 2. Bg5 d5 3. Bxf6 exf6 4. e3 c6 5. c4 Bd6 6. Nc3 Be6 7. c5 Bc7 8. b4
O-O 9. Bd3 b5 10. a4 a6 11. axb5 cxb5 12. Nxb5 Nc6 13. Nxc7 Qxc7 14. Qd2 Qb7 15.
Ne2 Nxb4 16. O-O a5 17. Nc3 Rfb8 18. Na4 Qc6 19. Nb6 Rxb6 20. cxb6 Qxb6 21. Rfb1
Qc6 22. Rc1 Qb7 23. Rc5 Nxd3 24. Qxd3 a4 25. Qc2 g6 26. h3 Bf5 27. Qa2 Be6 28.
Rb1 Qa6 29. Rcb5 Kg7 30. Qa3 Bf5 31. R1b2 Qc6 32. Qc5 Qxc5 33. Rxc5 a3 34. Ra2
Bb1 35. Ra1 a2 36. Rxd5 Rb8 37. Ra5 Rb2 38. Ra3 f5 39. f3 Rd2 40. Kh2 Rb2 41.
Kg3 Kf6 42. Ra6+ Ke7 43. e4 fxe4 44. fxe4 Rb4 45. R6xa2 Bxa2 46. Rxa2 Rxd4 47.
Kf3 Rd3+ 48. Kf4 h5 49. Ra7+ Kf6 1/2-1/2

[Event "POLFINAL MISTRZOSTW POLSKI JUNIOROW 2019 - C13"]
[Site "Ustron"]
[Date "1899-12-30"]
[Round "1.19"]
[White "Karut, Kacper"]
[Black "Pojawa, Jakub"]
[Result "1-0"]
[WhiteTitle "II+"]
[BlackTitle "II"]
[WhiteElo "1536"]
[BlackElo "1231"]

1. e4 e5 2. Nf3 Nc6 3. Bb5 d6 4. d4 exd4 5. Nxd4 Bd7 6. Nxc6 Bxc6 7. Bxc6+ bxc6
8. O-O Nf6 9. Nc3 Be7 10. Qf3 Qd7 11. Bf4 Qg4 12. Qxg4 Nxg4 13. Rad1 Bf6 14. h3
Ne5 15. Bxe5 Bxe5 16. Rd3 Bxc3 17. Rxc3 c5 18. Rd1 f6 19. f4 Rb8 20. b3 Ke7 21.
e5 Rhe8 22. Rg3 g6 23. Re3 fxe5 24. fxe5 Kd7 25. Rf1 Rxe5 26. Rxe5 dxe5 27. Rf7+
Kd6 28. Rxh7 Re8 29. Kf2 Rf8+ 30. Ke3 Rf1 31. Rg7 Rf6 32. g4 Re6 33. h4 Rf6 34.
h5 gxh5 35. gxh5 Rh6 36. Rg6+ Rxg6 37. hxg6 Ke6 38. Ke4 Kf6 39. g7 Kxg7 40. Kxe5
Kf7 41. Kd5 Ke7 42. Kc6 Kd8 43. Kb7 a5 44. Kc6 Kc8 45. Kxc5 a4 46. bxa4 Kb7 47.
Kb5 Ka7 48. a5 Kb7 49. c4 c6+ 50. Kc5 Kc7 51. a6 Kb8 52. Kxc6 Ka8 53. Kd7 Kb8
54. c5 Ka7 55. c6 Kb8 56. a7+ Ka8 57. c7 Kxa7 58. c8=Q Kb6 59. Qc6+ Ka5 60. Qb7
Ka4 61. Kc6 Ka3 62. Qb3# 1-0

[Event "POLFINAL MISTRZOSTW POLSKI JUNIOROW 2019 - C13"]
[Site "Ustron"]
[Date "1899-12-30"]
[Round "1.20"]
[White "Borowik, Karol"]
[Black "Pisarek, Jan"]
[Result "0-1"]
[WhiteTitle "II"]
[BlackTitle "I"]
[WhiteElo "1224"]
[BlackElo "1534"]

1. d4 c5 2. d5 e5 3. c4 d6 4. Nc3 g6 5. Nf3 Bg7 6. e4 Ne7 7. Be2 O-O 8. O-O f5
9. exf5 Nxf5 10. Qc2 Nd7 11. Ne4 Nf6 12. Bg5 h6 13. Bxf6 Bxf6 14. Bd3 Kg7 15.
a3 Qe7 16. b4 b6 17. bxc5 bxc5 18. Rae1 Bd7 19. h3 Rab8 20. Rb1 Nd4 21. Nxd4 exd4
22. Rxb8 Rxb8 23. Rb1 Rxb1+ 24. Qxb1 Be8 25. Nxf6 Kxf6 26. Qc1 Kg7 27. Kf1 Qb7
28. Qb1 Qxb1+ 29. Bxb1 Ba4 30. Bd3 Kf6 31. Ke2 g5 32. Kd2 Ke5 33. Ke2 Bd7 34.
g3 Bxh3 35. f3 Bf5 36. a4 Bxd3+ 37. Kxd3 h5 38. Ke2 h4 39. gxh4 gxh4 40. Kf2 Kf4
41. Kg2 d3 42. Kf2 h3 43. Kf1 d2 44. Ke2 h2 45. Kxd2 h1=Q 0-1

[Event "POLFINAL MISTRZOSTW POLSKI JUNIOROW 2019 - C13"]
[Site "Ustron"]
[Date "1899-12-30"]
[Round "1.21"]
[White "Wieckowski, Michal"]
[Black "Garwacki, Kornel"]
[Result "1-0"]
[WhiteTitle "II+"]
[BlackTitle "II"]
[WhiteElo "1532"]
[BlackElo "1207"]

1. e4 e5 2. Nf3 Nc6 3. d4 exd4 4. Bc4 Bb4+ 5. c3 dxc3 6. bxc3 Bd6 7. O-O Nge7 8.
Ng5 O-O 9. Qh5 h6 10. Nxf7 Rxf7 11. Bxf7+ Kf8 12. f4 b6 13. f5 Ne5 14. f6 Ng8
15. fxg7+ Kxg7 16. Bxg8 Kxg8 17. Bxh6 Ba6 18. Rf5 Qe7 19. Rg5+ Kh7 20. Bf8# 1-0

[Event "POLFINAL MISTRZOSTW POLSKI JUNIOROW 2019 - C13"]
[Site "Ustron"]
[Date "1899-12-30"]
[Round "1.22"]
[White "Polinowski, Konrad"]
[Black "Kotowicz, Kamil"]
[Result "0-1"]
[WhiteTitle "III"]
[BlackTitle "II"]
[WhiteElo "1110"]
[BlackElo "1512"]

1. d4 e6 2. c4 Nf6 3. Nc3 Bb4 4. Qc2 b6 5. e4 Bxc3+ 6. bxc3 Bb7 7. e5 Ng8 8. Nf3
Ne7 9. Bg5 h6 10. Bh4 d6 11. Rd1 Nd7 12. Qa4 O-O 13. Be2 Qe8 14. O-O Nf5 15. Bg3
Nxg3 16. fxg3 dxe5 17. dxe5 Nc5 18. Qc2 Qe7 19. Nd4 Rad8 20. Nb3 Nxb3 21. axb3
Qc5+ 22. Kh1 Rxd1 23. Bxd1 Qxe5 24. Qd3 Qd6 25. Qd4 Qxd4 26. cxd4 Rd8 27. Rf4
e5 28. Rf3 Bxf3 29. gxf3 exd4 30. Kg2 c5 31. f4 f6 32. Kf3 Kf7 33. Ke4 g6 34.
Kd3 Ke6 35. Bf3 g5 36. h4 gxh4 37. gxh4 Kf5 38. Bd5 Kxf4 39. h5 Rxd5 40. cxd5
Ke5 41. Kc4 f5 0-1

[Event "POLFINAL MISTRZOSTW POLSKI JUNIOROW 2019 - C13"]
[Site "Ustron"]
[Date "1899-12-30"]
[Round "1.23"]
[White "Zimny, Jakub"]
[Black "Guzik, Michal"]
[Result "1-0"]
[WhiteTitle "II"]
[BlackTitle "II"]
[WhiteElo "1510"]
[BlackElo "1104"]

1. e4 e5 2. Nf3 Nc6 3. d4 exd4 4. Nxd4 Qh4 5. Nc3 Bb4 6. Ndb5 Ba5 7. Be2 a6 8.
Na3 Qxe4 9. O-O Bxc3 10. bxc3 Nge7 11. Bf3 Qg6 12. Bxc6 Qxc6 13. Re1 Qxc3 14.
Rb1 d6 15. Bb2 Qc6 16. Qh5 Rg8 17. Re3 g6 18. Qxh7 Be6 19. Bf6 Qd7 20. Bxe7 Kxe7
21. Rbe1 Rae8 22. Rxe6+ Kd8 23. Qh4+ Kc8 24. Re7 Rxe7 25. Qxe7 Qa4 26. Qxf7 Rd8
27. Re7 Qb4 28. Rxc7+ Kb8 29. Re7 Ka8 30. Qb3 1-0

[Event "POLFINAL MISTRZOSTW POLSKI JUNIOROW 2019 - C13"]
[Site "Ustron"]
[Date "1899-12-30"]
[Round "1.24"]
[White "Dutka, Jan"]
[Black "Halhoul, Adam"]
[Result "0-1"]
[WhiteTitle "III"]
[BlackTitle "II+"]
[WhiteElo "1033"]
[BlackElo "1491"]

1. e4 c5 2. Nf3 Nc6 3. d4 cxd4 4. Nxd4 e5 5. Nb5 d6 6. N1c3 a6 7. Na3 b5 8. Nd5
Be7 9. c3 f5 10. f3 Nf6 11. Nxf6+ Bxf6 12. Nc2 O-O 13. a4 fxe4 14. fxe4 Bb7 15.
Bd3 Na5 16. O-O Nb3 17. Ra3 Nxc1 18. Qxc1 d5 19. Re1 Bg5 20. Qd1 dxe4 21. Be2
Qb6+ 22. Kh1 Rad8 23. Qb1 Qf2 24. h3 e3 25. Rg1 Qxe2 0-1